El poder temporal de los papas en el siglo XIX / (Record no. 48689)

MARC details
000 -LEADER
campo de control de longitud fija 00597nam a22001815i 4500
001 - NÚMERO DE CONTROL
campo de control 48689
003 - IDENTIFICADOR DE NÚMERO DE CONTROL
campo de control ES-MaACL
005 - FECHA Y HORA DE LA ÚLTIMA TRANSACCIÓN
campo de control 20250907063042.0
007 - CAMPO FIJO DE DESCRIPCIÓN FÍSICA--INFORMACIÓN GENERAL
campo de control de longitud fija t|
008 - DATOS DE LONGITUD FIJA--INFORMACIÓN GENERAL
campo de control de longitud fija 950728s1885 sp ||||1| spa d
040 ## - FUENTE DE CATALOGACIÓN
Centro catalogador/agencia de origen CAM
Lengua de catalogación spa
Centro/agencia transcriptor CAM
100 1# - ENTRADA PRINCIPAL--NOMBRE DE PERSONA
Nombre de persona Díaz y Pérez, Nicolás,
Fechas asociadas al nombre 1841-1902
9 (RLIN) 44467
245 13 - MENCIÓN DEL TÍTULO
Título El poder temporal de los papas en el siglo XIX /
Mención de responsabilidad, etc. por Nicolás Diaz y Pérez.
260 ## - PUBLICACIÓN, DISTRIBUCIÓN, ETC.
Lugar de publicación, distribución, etc. Madrid :
Nombre del editor, distribuidor, etc. [s.n.],
Fecha de publicación, distribución, etc. 1885 (
Fabricante Establecimiento tipográfico de Ulpiano Gómez)
300 ## - DESCRIPCIÓN FÍSICA
Extensión XIII, [1] en bl., 186 p. ;
Dimensiones 19 cm.
852 ## - LOCALIZACIÓN
Ubicación ES-MaACL
Número de control de estantería G-12302
Holdings
Estatus retirado Estado de pérdida Estado de daño No para préstamo Colección Biblioteca de origen Biblioteca actual Ubicación en estantería Fecha de adquisición Fuente de adquisición Total de préstamos Signatura topográfica completa Código de barras Visto por última vez Precio de reemplazo Tipo de ítem Koha
        Libros del s. XIX Biblioteca del Ateneo de Madrid Biblioteca del Ateneo de Madrid Sala Pecera Planta 3 17/01/2008     G-12302 1051237 23/02/2023 23/02/2023 Libro impreso antiguo